| 000 -LEADER |
| fixed length control field |
00418nam a2200157Ia 4500 |
| 003 - CONTROL NUMBER IDENTIFIER |
| control field |
OSt |
| 005 - DATE AND TIME OF LATEST TRANSACTION |
| control field |
20190923123033.0 |
| 008 - FIXED-LENGTH DATA ELEMENTS--GENERAL INFORMATION |
| fixed length control field |
180730s9999||||xx |||||||||||||| ||und|| |
| 040 ## - CATALOGING SOURCE |
| Transcribing agency |
clc |
| 082 ## - DEWEY DECIMAL CLASSIFICATION NUMBER |
| Classification number |
770 |
| Item number |
MAA/A |
| Edition number |
1st Edition |
| 100 ## - MAIN ENTRY--PERSONAL NAME |
| Personal name |
MAAC |
| 245 #0 - TITLE STATEMENT |
| Title |
Autodesk Maya: Shading and Lighting Lecture Companion |
| 260 ## - PUBLICATION, DISTRIBUTION, ETC. |
| Name of publisher, distributor, etc. |
Maya Academy of Advanced Cinematics |
| Date of publication, distribution, etc. |
2006 |
| Place of publication, distribution, etc. |
Mumbai |
| 300 ## - PHYSICAL DESCRIPTION |
| Extent |
120p. |
| 942 ## - ADDED ENTRY ELEMENTS (KOHA) |
| Institution code [OBSOLETE] |
BK |
| Source of classification or shelving scheme |
|
| Koha item type |
Book |